000 00740nam a2200217Ii 4500
003 JO-AjNU
008 230605s9999||||xx |||||||||||||| ||und||
020 _a9973-16-355-9
040 _aJO-AjNU
_bara
_erda
_cJO-AjNU
041 _aara
050 1 4 _aPJ6161.A99 1999
100 3 _aعياد، شكري,
_eauthor
_97442
245 0 0 _aالنقد والبلاغة
264 3 1 _aتونس: دار المعارف للطباعة والنشر، 1999
300 _a62ص
336 _atext
_btxt
_2rdacontent
337 _aunmediated
_bn
_2rdamedia
338 _avolume
_bnc
_2rdacarrier
490 0 _aموسوعة الحضارة العربية الاسلامية 19
650 4 _aاللغة العربية-نقد-بلاغة-نقد وبلاغة
_97443
999 _aA281
_c3849
_d3849